[Event "Lille Luce op 7th"]
[Site "Lille"]
[Date "2016.04.11"]
[Round "4"]
[White "Adrien, Vincent"]
[Black "Wolfangel, Claude"]
[Result "1-0"]
[WhiteElo "2024"]
[BlackElo "1679"]
[PlyCount "59"]
[EventDate "2016.04.09"]
[EventType "swiss"]
[EventRounds "7"]
[EventCountry "FRA"]
[SourceTitle "CBM 171 Extra"]
[Source "ChessBase"]
[SourceDate "2016.04.26"]
[SourceVersion "1"]
[SourceVersionDate "2016.04.26"]
[SourceQuality "1"]

1. e4 c6 2. d4 d5 3. Nc3 dxe4 4. Nxe4 Bf5 5. Ng3 Bg6 6. h4 h6 7. Nf3 Nd7 8. h5 Bh7 9. Bd3 Bxd3 10. Qxd3 e6 11. Bf4 Ngf6 12. 0-0-0 Nd5 13. Bd2 Bd6 14. Ne4 Be7 15. c4 Nb4 16. Bxb4 Bxb4 17. g4 Be7 18. d5 cxd5 19. cxd5 Rc8+ 20. Kb1 exd5 21. Qxd5 Rc6 22. Rhe1 Re6 23. Nd4 Re5 24. Nd6+ Bxd6 25. Qxd6 Qe7 26. Rxe5 Qxe5 27. Qxe5+ Nxe5 28. Re1 0-0 29. Rxe5 Rd8 30. Re4 1-0

[Event "Lille Luce op 7th"]
[Site "Lille"]
[Date "2016.04.09"]
[Round "1"]
[White "Adrien, Vincent"]
[Black "Blomqvist, Erik"]
[Result "0-1"]
[WhiteElo "2024"]
[BlackElo "2515"]
[PlyCount "64"]
[EventDate "2016.04.09"]
[EventType "swiss"]
[EventRounds "7"]
[EventCountry "FRA"]
[SourceTitle "CBM 171 Extra"]
[Source "ChessBase"]
[SourceDate "2016.04.26"]
[SourceVersion "1"]
[SourceVersionDate "2016.04.26"]
[SourceQuality "1"]

1. e4 c5 2. c3 d5 3. exd5 Qxd5 4. d4 Nf6 5. Nf3 e6 6. Bd3 Nc6 7. 0-0 Be7 8. Re1 0-0 9. Be3 Rd8 10. Nbd2 cxd4 11. cxd4 b6 12. Qe2 Bb7 13. Bc4 Qd6 14. Rad1 Rac8 15. a3 h6 16. Ba6 Bxa6 17. Qxa6 Nd5 18. Nc4 Qb8 19. Qb5 Rc7 20. Nce5 Rdc8 21. Qd3 Nxe5 22. Nxe5 Bf6 23. f4 Bxe5 24. fxe5 Rc2 25. Bc1 Qc7 26. h4 Qd8 27. Qg3 Ne7 28. h5 Nf5 29. Qf4 Qd5 30. Qg4 R8c4 31. Be3 Rxb2 32. Bf2 Rcc2 0-1

[Event "Lille Luce op 5th"]
[Site "Lille"]
[Date "2014.04.29"]
[Round "2"]
[White "Adrien, Vincent"]
[Black "Marechal, Georges"]
[Result "1/2-1/2"]
[WhiteElo "2021"]
[BlackElo "1759"]
[PlyCount "116"]
[EventDate "2014.04.28"]
[EventType "swiss"]
[EventRounds "9"]
[EventCountry "FRA"]
[SourceTitle "CBM 160 Extra"]
[Source "ChessBase"]
[SourceDate "2014.07.01"]
[SourceVersion "1"]
[SourceVersionDate "2014.07.01"]
[SourceQuality "1"]

1. d4 Nf6 2. Nf3 c6 3. e3 d5 4. Bd3 Bg4 5. Nbd2 e6 6. h3 Bh5 7. c3 Nbd7 8. Qc2 Bd6 9. g4 Bg6 10. e4 dxe4 11. Nxe4 Nxe4 12. Bxe4 Bxe4 13. Qxe4 Nf6 14. Qe2 Qb6 15. 0-0 0-0 16. Bg5 Be7 17. Bxf6 Bxf6 18. g5 Be7 19. h4 Rad8 20. b4 Bd6 21. h5 Rfe8 22. Kh1 Qc7 23. Rae1 Bf4 24. Rg1 Qd6 25. Rg4 h6 26. Reg1 hxg5 27. Nxg5 Qd5+ 28. f3 Qf5 29. Qe4 Bd2 30. R1g3 Bxc3 31. Nxf7 Qxh5+ 32. Rh4 Qxf7 33. Qh7+ Kf8 34. Rf4 Bxd4 35. Rxf7+ Kxf7 36. Qh5+ Ke7 37. Qh4+ Kf7 38. Qh5+ Ke7 39. Kg2 Bf6 40. Qc5+ Kf7 41. Qxa7 Rd2+ 42. Kf1 Re7 43. Rg2 Rd1+ 44. Ke2 Red7 45. Qe3 Ra1 46. Qb3 Bh4 47. f4 Re1+ 48. Kf3 Red1 49. Kg4 R1d3 50. Qc2 Bf6 51. Rg3 R3d4 52. a3 e5 53. Rf3 g5 54. Qh7+ Ke6 55. Qf5+ Kf7 56. Qh7+ Ke6 57. Qf5+ Kf7 58. Qh7+ Ke6 1/2-1/2

[Event "Lille Luce op 4th"]
[Site "Lille"]
[Date "2013.04.17"]
[Round "6"]
[White "Aguero Jimenez, Luis Lazaro"]
[Black "Adrien, Vincent"]
[Result "1-0"]
[WhiteElo "2428"]
[BlackElo "1984"]
[PlyCount "69"]
[EventDate "2013.04.13"]
[EventType "swiss"]
[EventRounds "9"]
[EventCountry "FRA"]
[SourceTitle "CBM 154 Extra"]
[Source "ChessBase"]
[SourceDate "2013.06.25"]
[SourceVersion "2"]
[SourceVersionDate "2013.06.25"]
[SourceQuality "1"]

1. Nf3 d5 2. g3 c5 3. Bg2 Nf6 4. 0-0 Nc6 5. d4 e6 6. c4 dxc4 7. Ne5 Nxe5 8. dxe5 Qxd1 9. Rxd1 Nd7 10. f4 Rb8 11. a4 Be7 12. Na3 c3 13. bxc3 f6 14. Nb5 fxe5 15. Nxa7 exf4 16. Bxf4 e5 17. Bc1 c4 18. Nxc8 Rxc8 19. Bxb7 Rc7 20. Bd5 Bc5+ 21. Kh1 Ba7 22. Ba3 Nf6 23. Bd6 Rc8 24. Bb7 Rd8 25. Bxe5 Kf7 26. Ba6 Ng4 27. Bxc4+ Kg6 28. Rd6+ Kh5 29. Rxd8 Rxd8 30. Bxg7 Rd7 31. Bd4 Bxd4 32. cxd4 Rxd4 33. Bf7+ Kg5 34. a5 Kf6 35. Bh5 1-0

[Event "Lille Luce op 3rd"]
[Site "Lille"]
[Date "2012.04.25"]
[Round "3"]
[White "Bellahcene, Bilel"]
[Black "Adrien, Vincent"]
[Result "1-0"]
[WhiteElo "2321"]
[BlackElo "1973"]
[PlyCount "57"]
[EventDate "2012.04.23"]
[EventType "swiss"]
[EventRounds "8"]
[EventCountry "FRA"]
[SourceTitle "CBM 148 Extra"]
[Source "ChessBase"]
[SourceDate "2012.06.22"]
[SourceVersion "1"]
[SourceVersionDate "2012.06.22"]
[SourceQuality "1"]

1. d4 Nf6 2. c4 e6 3. g3 d5 4. Bg2 Be7 5. Nf3 0-0 6. 0-0 Nbd7 7. Qc2 dxc4 8. Qxc4 c6 9. Nc3 Nb6 10. Qb3 Nbd5 11. Re1 Qb6 12. Qc2 Nxc3 13. bxc3 Bd7 14. Rb1 Qa6 15. Ne5 b5 16. a4 Rac8 17. Be3 Rfd8 18. Ra1 b4 19. cxb4 Bxb4 20. Reb1 Nd5 21. Be4 g6 22. Bg5 Be7 23. Bxe7 Nxe7 24. Qc5 Qxe2 25. Qxe7 Qxe4 26. Qxf7+ Kh8 27. Qf6+ Kg8 28. Qf7+ Kh8 29. Nxd7 1-0

[Event "Le Touquet op 24th"]
[Site "Le Touquet"]
[Date "2009.10.26"]
[Round "4"]
[White "Adrien, Vincent"]
[Black "Renard, Stephane"]
[Result "0-1"]
[WhiteElo "1914"]
[BlackElo "1973"]
[PlyCount "76"]
[EventDate "2009.10.24"]
[EventType "swiss"]
[EventRounds "9"]
[EventCountry "FRA"]
[SourceTitle "EXT 2020"]
[Source "ChessBase"]
[SourceDate "2019.10.17"]
[SourceVersion "1"]
[SourceVersionDate "2019.10.17"]
[SourceQuality "1"]

1. e4 c5 2. Nf3 Nc6 3. d4 cxd4 4. Nxd4 Nf6 5. Nc3 e5 6. Ndb5 d6 7. Bg5 a6 8. Na3 b5 9. Nd5 Be7 10. Bxf6 Bxf6 11. c3 0-0 12. Be2 Ne7 13. 0-0 Nxd5 14. Qxd5 Be6 15. Qd3 d5 16. Rfd1 dxe4 17. Qxe4 Qe7 18. Nc2 g6 19. Ne3 Bg7 20. Nd5 Qc5 21. Nb4 Rfc8 22. Qh4 f5 23. Rd2 a5 24. Nc2 Qb6 25. a3 Bf7 26. Qe7 Bf6 27. Rd6 Rc6 28. Qxf6 Rxd6 29. Qxe5 Rd2 30. Rc1 Rad8 31. Nd4 Rxb2 32. Bf3 Qd6 33. Qe3 Qxa3 34. Nxf5 Re8 35. Qg5 Qxc3 36. h4 Re1+ 37. Rxe1 Qxe1+ 38. Kh2 Qe5+ 0-1